Представление документа в формате RUSMARC

ПолеНазваниеЗначение
  Тип записи a
  Библиографический уровень a
001 Контрольный номер RU/CBS_UL/BASE/cfcc69f79a9641b8bb611abb9df6373b
005 Дата корректировки 20260417144155.6
100 Данные общей обработки __
a Данные общей обработки 20260417 ||| 0rusy0189 ca
101 Язык документа 0_
a Язык текста rus
102 Страна публикации __
a Страна публикации RU
200 Заглавие и сведения об ответственности 1_
a Заглавие Как играла "Волга": только факты
e Сведения, относящиеся к заглавию [итоги игры команды "Волга" на XXXIV чемпионате России по хоккею с мячом]
300 Общие примечания __
a Общие примечания 6+
461 Уровень набора _0
1 2000
a Чемпион
463 Уровень физической единицы _0
1 2000
a № 11 (18 март.)
v С. 4-5 : фото
1 2101
d 2026
1 001RU/CBS_UL/BASE/a642b55440114c509d2c8658fec46c2b
606 Тематические рубрики 0_
a Основная рубрика "Волга", хоккейный клуб (Ульяновск, город)
610 Ключевые слова 0_
a Ключевые слова хоккей с мячом
610 Ключевые слова 0_
a Ключевые слова хоккейные клубы
610 Ключевые слова 0_
a Ключевые слова клубы хоккейные
610 Ключевые слова 0_
a Ключевые слова хоккейные команды
610 Ключевые слова 0_
a Ключевые слова команды хоккейные
610 Ключевые слова 0_
a Ключевые слова ульяновские хоккеисты
610 Ключевые слова 0_
a Ключевые слова хоккеисты ульяновские
610 Ключевые слова 0_
a Ключевые слова чемпионаты России по хоккею с мячом
610 Ключевые слова 0_
a Ключевые слова Волга (хоккейные клубы)
610 Ключевые слова 0_
a Ключевые слова Волга (хоккейные команды)
686 Индексы других классификаций __
2 Код системы rubbk
a Классификационный индекс 75.579.6
801 Источник записи _0
a Страна RU
b Организация МБУК ЦБС г. Ульяновска
c Дата составления 20260417
g Правила каталогизации RCR
801 Источник записи _1
a Страна RU
b Организация МБУК ЦБС г. Ульяновска
c Дата составления 20260417
g Правила каталогизации RCR
901 Тип документа __
t Тип документа f
w Контрольный № источника RU/CBS_UL/BASE/a642b55440114c509d2c8658fec46c2b
909 Создатель записи __
a Создатель записи lib2